000 01028nam a22002657a 4500
001 K121107
008 160218b2019 xxu||||| |||| 00| 0 eng d
020 _a9781315645698
041 _aeng
100 _aMyers, Dany
245 _aConstruction economics
250 _a4th
260 _bRoutledge Ltd
_c2016
300 _a359p
_bEbook
520 _aExamines the relationship between economic theory and the construction industry with key focus on sustainable construction. Provides an overview of the economy and construction markets since the global 2008 financial crisis looking at the challenges of changing government policy, adapting to climate change, adopting BIM, and reducing costs.
521 _aStudents
650 _aCONSTRUCTION
650 _aEBOOK
650 _aECONOMICS
650 _aSUSTAINABILITY
651 _aUnited Kingdom
690 _96230
_aConstruction management
856 _uhttps://www.vlebooks.com/
_zView on VLEbooks. Logins for members only from [email protected]
942 _n0
999 _c121107
_d121107